000 00658nam a2200229 i 4500
001 147061
003 ES-MaACL
005 20250512063037.0
008 070921s1976 sp |||| | spa d
080 _a323.272
080 _a330.85(04)
100 1 _aTrotsky, Leon,
_d1879-1940
_9240350
245 1 3 _aLa revolución permanente /
_cLeón Trotsky ; traducción de Andrés Nin.
250 _a1ª ed.
260 _a[Madrid] :
_bJúcar,
_c1976.
300 _a192 p. ;
_c18 cm.
650 4 _aTrotskismo.
_917652
650 4 _aComunismo-
_zURSS.
_911227
700 1 _aNin, Andreu.
_985748
852 _aES-MaACL
_jA-6219
999 _c147061
_d147061